Limites de l'Union africaine dans la résolution des conflits : (Record no. 6722)
[ view plain ]
| 000 -LEADER | |
|---|---|
| fixed length control field | 01290cam a2200385 i 4500 |
| 001 - CONTROL NUMBER | |
| control field | on1053160162 |
| 003 - CONTROL NUMBER IDENTIFIER | |
| control field | TZ-ArACH |
| 005 - DATE AND TIME OF LATEST TRANSACTION | |
| control field | 20230206150917.0 |
| 008 - FIXED-LENGTH DATA ELEMENTS--GENERAL INFORMATION | |
| fixed length control field | 180918s2018 fr b 000 0 fre |
| 010 ## - LIBRARY OF CONGRESS CONTROL NUMBER | |
| LC control number | 2018432114 |
| 020 ## - INTERNATIONAL STANDARD BOOK NUMBER | |
| International Standard Book Number | 9782343135137 |
| Qualifying information | (paperback) |
| 020 ## - INTERNATIONAL STANDARD BOOK NUMBER | |
| International Standard Book Number | 2343135134 |
| 035 ## - SYSTEM CONTROL NUMBER | |
| System control number | (OCoLC)1053160162 |
| 040 ## - CATALOGING SOURCE | |
| Original cataloging agency | DLC |
| Language of cataloging | eng |
| Description conventions | rda |
| Transcribing agency | TZ-ArACH |
| 042 ## - AUTHENTICATION CODE | |
| Authentication code | pcc |
| 043 ## - GEOGRAPHIC AREA CODE | |
| Geographic area code | f------ |
| 049 ## - LOCAL HOLDINGS (OCLC) | |
| Holding library | TZAA |
| 050 00 - LIBRARY OF CONGRESS CALL NUMBER | |
| Classification number | JZ5584 |
| Item number | .M68 2018. |
| 100 1# - MAIN ENTRY--PERSONAL NAME | |
| Personal name | Mpouando, Jean-Pierre, |
| Relator term | author. |
| 245 14 - TITLE STATEMENT | |
| Title | Limites de l'Union africaine dans la résolution des conflits : |
| Remainder of title | compétences, objectifs, institutions et opérations / |
| Statement of responsibility, etc | Jean-Pierre Mpouando ; préface de Philippe Guillot. |
| 260 ## - PUBLICATION, DISTRIBUTION, ETC. (IMPRINT) | |
| Place of publication, distribution, etc | Paris : |
| Name of publisher, distributor, etc | L'Harmattan, |
| Date of publication, distribution, etc | [2018]. |
| 300 ## - PHYSICAL DESCRIPTION | |
| Extent | 388 pages ; |
| Dimensions | 24 cm. |
| 490 0# - SERIES STATEMENT | |
| Series statement | Collection "Études africaines". Série Droit |
| 504 ## - BIBLIOGRAPHY, ETC. NOTE | |
| Bibliography, etc | Includes bibliographical references (pages 373-381). |
| 610 20 - SUBJECT ADDED ENTRY--CORPORATE NAME | |
| Corporate name or jurisdiction name as entry element | African Union. |
| 610 27 - SUBJECT ADDED ENTRY--CORPORATE NAME | |
| Corporate name or jurisdiction name as entry element | African Union. |
| Source of heading or term | fast |
| 650 #0 - SUBJECT ADDED ENTRY--TOPICAL TERM | |
| Topical term or geographic name as entry element | National security |
| Geographic subdivision | Africa. |
| 650 #0 - SUBJECT ADDED ENTRY--TOPICAL TERM | |
| Topical term or geographic name as entry element | Conflict management |
| Geographic subdivision | Africa. |
| 650 #0 - SUBJECT ADDED ENTRY--TOPICAL TERM | |
| Topical term or geographic name as entry element | Peace-building |
| Geographic subdivision | Africa. |
| 650 #7 - SUBJECT ADDED ENTRY--TOPICAL TERM | |
| Topical term or geographic name as entry element | Peace-building. |
| Source of heading or term | fast |
| 650 #7 - SUBJECT ADDED ENTRY--TOPICAL TERM | |
| Topical term or geographic name as entry element | Conflict management. |
| Source of heading or term | fast |
| 650 #7 - SUBJECT ADDED ENTRY--TOPICAL TERM | |
| Topical term or geographic name as entry element | National security. |
| Source of heading or term | fast |
| 9 (RLIN) | 18835 |
| 651 #7 - SUBJECT ADDED ENTRY--GEOGRAPHIC NAME | |
| Geographic name | Africa. |
| Source of heading or term | fast |
| 942 ## - ADDED ENTRY ELEMENTS (KOHA) | |
| Source of classification or shelving scheme | Library of Congress Classification |
| Koha item type | Books |
| Home library | Current library | Date acquired | Full call number | Barcode | Koha item type |
|---|---|---|---|---|---|
| African Court on Human and Peoples' Rights Library | African Court on Human and Peoples' Rights Library | 31/01/2023 | JZ5584 .M68 2018 | 10190104 | Books |
| African Court on Human and Peoples' Rights Library | African Court on Human and Peoples' Rights Library | 31/01/2023 | JZ5584 .M68 2018 | 10190112 | Books |
